Caro Bill (Record n. 95543)

Dettagli MARC
000 -LEADER
fixed length control field 01760nam a2200289Ia 4500
001 - CONTROL NUMBER
control field G5000
003 - CONTROL NUMBER IDENTIFIER
control field IT-RoPAU
008 - FIXED-LENGTH DATA ELEMENTS--GENERAL INFORMATION
fixed length control field 130308s9999 xx 000 0 und d
040 ## - CATALOGING SOURCE
Original cataloging agency IT-RoPAU
040 ## - CATALOGING SOURCE
Transcribing agency IT-RoPAU
041 ## - LANGUAGE CODE
Language code of text/sound track or separate title ITALIANO
100 ## - MAIN ENTRY--PERSONAL NAME
Personal name Cattaneo Armando
100 ## - MAIN ENTRY--PERSONAL NAME
Miscellaneous information Codice Aut. SPICS: 54932
245 ## - TITLE STATEMENT
Title Caro Bill
245 ## - TITLE STATEMENT
Remainder of title Caro Bill
250 ## - EDITION STATEMENT
Edition statement 1a ed.
260 ## - PUBLICATION, DISTRIBUTION, ETC. (IMPRINT)
Place of publication, distribution, etc. ROMA
260 ## - PUBLICATION, DISTRIBUTION, ETC. (IMPRINT)
Name of publisher, distributor, etc. Edizioni Paoline Fsp
260 ## - PUBLICATION, DISTRIBUTION, ETC. (IMPRINT)
Date of publication, distribution, etc. 1999 [1° Ed.:1999 - Ed.Ling.Originale:1999]
300 ## - PHYSICAL DESCRIPTION
Extent "128 p. (prefazione: no ; testo: 128 [pagine: 0-0])"
500 ## - GENERAL NOTE
General note Lettere mai Spedite a Bill Gates per una Proposta di Partnership a Livellodi Contenuti, che l'autore Individua nella Chiesa Cattolica. Una sola Missione: Il Messaggio Deve Arrivare. La montagna e Il topolino: la Chiesa Vanta tanti Documenti e pochi Fatti, Gates tanti Fatti e meno Riflessioni. La Naomi Campbell della Comunicazione: la Chiesa Come Forma Comunicativa Ideale: Universalità e Località Unite Insieme. Una buona Compagna di Viaggio: la Chiesa Modello Comunicativo Ideale: pluralismo e Dialogo Uniti Insieme. Il freno che Accelera: Il Papa Come Personaggio Mediatico. L'Acceleratore che Frena: Il ritardo della Ricerca Teologica Sul fenomeno Comunicativo di Massa. Il Maggiolino tutto Matto: la Televisione. in Cassaforte, in vendita Ocome sole e pioggia dal Cielo?: Il Problema dei Contenuti. da Arbitro a Giocatore: Dalla Logica del Controllo a quella della Presenza. Gioco di Squadra per Andare In... Rete: Unire le forze per Esserci. Un Modellino in Scalaridotta: le Radio del circuito Marconi: Provare per Credere.
650 ## - SUBJECT ADDED ENTRY--TOPICAL TERM
Topical term or geographic name as entry element SAGGI PASTORALE COMUNICAZIONE SOCIALE
650 ## - SUBJECT ADDED ENTRY--TOPICAL TERM
Relator term Codice materia Spics: 9311
942 ## - ADDED ENTRY ELEMENTS (KOHA)
Koha item type LIBRO
957 ## -
-- 1
999 ## - SYSTEM CONTROL NUMBERS (KOHA)
-- 1
Dati di copia
Withdrawn status Lost status Damaged status Not for loan Home library Current library Date acquired Total Checkouts Full call number Date last seen Price effective from Koha item type Public note
    Buone Condizioni Not For Loan SPICS-MEDIATECA SPICS-MEDIATECA 08/03/2013   G5000 08/03/2013 08/03/2013 LIBRO Progressivo inserimento: 59413 / N. Volumi: 1 Copie: 1 / data import: 1 marzo 2013 - By Epidotti, Trombetti, Vaglietti.
CREDITS: SOCIETA' SAN PAOLO Via A.Severo, 58 - ROMA (RM) & PERIODICI SAN PAOLO SRL Via Giotto, 36 MILANO & CISF Via Giotto, 36 MILANO & EDIZIONI SAN PAOLO SRL,  Piazza Soncino, 5 CINISELLO BALSAMO (MI) -- ITALY